Lana Del Rey - God Bless America - and All the Beautiful Women in It - Statistics

General Stats
  • This quiz has been taken 62 times
  • The average score is 284 of 370
Answer Stats
Answer % Correct
all
100%
am
100%
America
100%
bless
100%
God
100%
I
100%
(I
100%
in
100%
In
100%
women
100%
and
97%
And
97%
be
97%
beautiful
97%
it
97%
the
97%
me
91%
me)
91%
no
86%
On
86%
on
86%
on)
86%
you
86%
You
86%
as
83%
I'm
83%
like
83%
baby
80%
not
80%
Take
80%
take
80%
to
80%
when
80%
Even
77%
(Even
77%
got
77%
night
77%
strong
77%
can
74%
don't
74%
hear
74%
Lady
74%
long
74%
what
74%
your
74%
alone
71%
feel
71%
for
71%
(It's
71%
Liberty
71%
proud
71%
stand
71%
sweetest
71%
(Sweetest
71%
melodies
69%
melodies)
69%
shinin'
69%
city
66%
of
66%
out
66%
see
66%
around
63%
babe
63%
free
63%
leave
63%
Only
63%
or
63%
singin')
63%
There's
63%
hide
60%
let
60%
lonely
60%
lonely)
60%
nowhere
60%
tonight
60%
dry
57%
Feels
57%
thinkin')
57%
thinkin'
57%
arms
54%
(Arms
54%
fire
54%
stride
54%
that
54%
walk
54%
walkin'
54%
escapes
51%
May
51%
save
51%
have
49%
Keep
49%
light
49%
run
49%
they
49%
ever
46%
might
46%
never
46%
with
46%
worried
46%
Sounds
43%
standin'
43%
still
43%
air
40%
Because
40%
fear
40%
fear)
40%
know
40%
outside
40%
I'll
37%
streets
37%
talk
37%
better
34%
lights
31%
make
31%
believe
29%
somehow
26%
nobody
23%
yeah)
23%
yeah
23%
No matching quizzes found
Score Distribution
Percent of People with Each Score
Percentile by Number Answered
Your Score History
You have not taken this quiz